Note on the Application of Divergent Series for Finding a Particular Solution to a Nonhomogeneous Linear Ordinary Differential Equation With Constant Coefficients

Metódy na nájdenie konkrétneho riešenia nehomogénnej lineárnej obyčajnej diferenciálnej rovnice (ODE) s konštantnými koeficientmi. Nájdenie konkrétneho riešenia, ak je príslušná nekonečná rada divergentná, pričom sa používajú iba pojmy tejto série a metóda súčtu divergentných radov. Metóda neurčitýc...

Full description

Saved in:
Bibliographic Details
Main Author: Fecenko, Jozef
Format: Book Chapter
Language:English
Subjects:
Tags: Add Tag
No Tags, Be the first to tag this record!

MARC

LEADER 00000naa a2200000 4500
001 0272539
005 20240502083830.4
041 0 |a eng 
044 |a US 
245 1 0 |a Note on the Application of Divergent Series for Finding a Particular Solution to a Nonhomogeneous Linear Ordinary Differential Equation With Constant Coefficients  |c Jozef Fecenko 
520 |a Metódy na nájdenie konkrétneho riešenia nehomogénnej lineárnej obyčajnej diferenciálnej rovnice (ODE) s konštantnými koeficientmi. Nájdenie konkrétneho riešenia, ak je príslušná nekonečná rada divergentná, pričom sa používajú iba pojmy tejto série a metóda súčtu divergentných radov. Metóda neurčitých koeficientov, metóda Laplaceovej transformácie a metóda diferenciálneho operátora. 
610 2 0 |a matematika 
610 2 0 |a rovnice lineárne 
610 2 0 |a rovnice diferenciálne 
100 1 |a Fecenko, Jozef